General Knowledge beginning with the letter "G" - Statistics

General Stats
  • This quiz has been taken 99 times
  • The average score is 8 of 15
Answer Stats
Hint Answer % Correct
First name of the first President of the United States George
95%
How a fish breathes underwater Gills
81%
When both parents are dead, this person cares for a child Guardian
75%
Actress and ex-wife of Prince Rainier of Monaco Grace
74%
Rock in the Mediterranean, home to Barbary apes Gibraltar
67%
This island in the Caribbean "sounds explosive" Grenada
65%
Used to be called British Guiana Guyana
64%
Country that's home to the Corinth Canal Greece
56%
Takes care of a horse Groom
51%
Armored glove worn by battling knights Gauntlet
48%
Hard, yellow Swiss cheese Gruyere
33%
Famous North London maker of gin and vodka Gordon's
29%
Previously known as Canton on the Pearl River Guangzhou
20%
One of the household guard regiments of the King of the U.K. Grenadier Guards
4%
In earlier times the boat of a ship's Captain Gig
1%
No matching quizzes found
Score Distribution
Percent of People with Each Score
Percentile by Number Answered
Your Score History
You have not taken this quiz